<?xml version="1.0" encoding="UTF-8"?>
<record
    xmlns:xsi="http://www.w3.org/2001/XMLSchema-instance"
    xsi:schemaLocation="http://www.loc.gov/MARC21/slim http://www.loc.gov/standards/marcxml/schema/MARC21slim.xsd"
    xmlns="http://www.loc.gov/MARC21/slim">

  <leader>02084nam0a22003131  4500</leader>
  <controlfield tag="001">2565346</controlfield>
  <controlfield tag="005">20251118181705.9</controlfield>
  <datafield tag="035" ind1=" " ind2=" ">
    <subfield code="a">(NLR Aleph) 006438943</subfield>
  </datafield>
  <datafield tag="090" ind1=" " ind2=" ">
    <subfield code="a">5623090</subfield>
    <subfield code="c">5623090</subfield>
  </datafield>
  <datafield tag="100" ind1=" " ind2=" ">
    <subfield code="a">20110316d1979    u  y0rusy50      ca</subfield>
  </datafield>
  <datafield tag="101" ind1="0" ind2=" ">
    <subfield code="a">rus</subfield>
  </datafield>
  <datafield tag="102" ind1=" " ind2=" ">
    <subfield code="a">RU</subfield>
  </datafield>
  <datafield tag="105" ind1=" " ind2=" ">
    <subfield code="a">y   z   |||||</subfield>
  </datafield>
  <datafield tag="200" ind1="1" ind2=" ">
    <subfield code="a">&#x420;&#x435;&#x43A;&#x43E;&#x43C;&#x435;&#x43D;&#x434;&#x430;&#x446;&#x438;&#x438; &#x420;&#x435;&#x441;&#x43F;&#x443;&#x431;&#x43B;&#x438;&#x43A;&#x430;&#x43D;&#x441;&#x43A;&#x43E;&#x439; &#x43D;&#x430;&#x443;&#x447;&#x43D;&#x43E;-&#x43F;&#x440;&#x430;&#x43A;&#x442;&#x438;&#x447;&#x435;&#x441;&#x43A;&#x43E;&#x439; &#x43A;&#x43E;&#x43D;&#x444;&#x435;&#x440;&#x435;&#x43D;&#x446;&#x438;&#x438; &#x43F;&#x43E; &#x432;&#x43D;&#x435;&#x434;&#x440;&#x435;&#x43D;&#x438;&#x44E; &#x432; &#x43F;&#x440;&#x43E;&#x438;&#x437;&#x432;&#x43E;&#x434;&#x441;&#x442;&#x432;&#x43E; &#x43E;&#x43F;&#x44B;&#x442;&#x430; &#x442;&#x440;&#x443;&#x434;&#x43E;&#x432;&#x43E;&#x433;&#x43E; &#x441;&#x43E;&#x442;&#x440;&#x443;&#x434;&#x43D;&#x438;&#x447;&#x435;&#x441;&#x442;&#x432;&#x430; &#x441;&#x432;&#x435;&#x43A;&#x43B;&#x43E;&#x432;&#x43E;&#x434;&#x43E;&#x432; &#x438; &#x440;&#x430;&#x431;&#x43E;&#x442;&#x43D;&#x438;&#x43A;&#x43E;&#x432; &#x441;&#x430;&#x445;&#x430;&#x440;&#x43D;&#x43E;&#x433;&#x43E; &#x437;&#x430;&#x432;&#x43E;&#x434;&#x430; &#x42F;&#x43C;&#x43F;&#x43E;&#x43B;&#x44C;&#x441;&#x43A;&#x43E;&#x433;&#x43E; &#x440;&#x430;&#x439;&#x43E;&#x43D;&#x430; &#x412;&#x438;&#x43D;&#x43D;&#x438;&#x446;&#x43A;&#x43E;&#x439; &#x43E;&#x431;&#x43B;&#x430;&#x441;&#x442;&#x438; &#x43F;&#x43E; &#x443;&#x432;&#x435;&#x43B;&#x438;&#x447;&#x435;&#x43D;&#x438;&#x44E; &#x43F;&#x440;&#x43E;&#x438;&#x437;&#x432;&#x43E;&#x434;&#x441;&#x442;&#x432;&#x430; &#x441;&#x430;&#x445;&#x430;&#x440;&#x43D;&#x43E;&#x439; &#x441;&#x432;&#x435;&#x43A;&#x43B;&#x44B; &#x438; &#x43E;&#x431;&#x435;&#x441;&#x43F;&#x435;&#x447;&#x435;&#x43D;&#x438;&#x44E; &#x43C;&#x430;&#x43A;&#x441;&#x438;&#x43C;&#x430;&#x43B;&#x44C;&#x43D;&#x43E;&#x433;&#x43E; &#x432;&#x44B;&#x445;&#x43E;&#x434;&#x430; &#x441;&#x430;&#x445;&#x430;&#x440;&#x430; &#x441; &#x43A;&#x430;&#x436;&#x434;&#x43E;&#x433;&#x43E; &#x433;&#x435;&#x43A;&#x442;&#x430;&#x440;&#x430; &#x441;&#x432;&#x435;&#x43A;&#x43B;&#x43E;&#x432;&#x438;&#x447;&#x43D;&#x43E;&#x433;&#x43E; &#x43F;&#x43E;&#x43B;&#x44F;</subfield>
  </datafield>
  <datafield tag="210" ind1=" " ind2=" ">
    <subfield code="a">&#x41A;&#x438;&#x435;&#x432;</subfield>
    <subfield code="c">&#x411;. &#x438;.</subfield>
    <subfield code="d">1979</subfield>
  </datafield>
  <datafield tag="215" ind1=" " ind2=" ">
    <subfield code="a">8 &#x441;.</subfield>
    <subfield code="d">20</subfield>
  </datafield>
  <datafield tag="300" ind1=" " ind2=" ">
    <subfield code="a">&#x412; &#x43D;&#x430;&#x434;&#x437;&#x430;&#x433;.: &#x41C;-&#x432;&#x43E; &#x441;&#x435;&#x43B;. &#x445;&#x43E;&#x437;-&#x432;&#x430; &#x423;&#x421;&#x421;&#x420;</subfield>
  </datafield>
  <datafield tag="606" ind1=" " ind2=" ">
    <subfield code="a">&#x421;&#x432;&#x435;&#x43A;&#x43B;&#x43E;&#x432;&#x43E;&#x434;&#x441;&#x442;&#x432;&#x43E;</subfield>
    <subfield code="y">&#x423;&#x421;&#x421;&#x420;</subfield>
    <subfield code="2">psbo</subfield>
  </datafield>
  <datafield tag="606" ind1=" " ind2=" ">
    <subfield code="a">&#x421;&#x430;&#x445;&#x430;&#x440;&#x43D;&#x430;&#x44F; &#x441;&#x432;&#x435;&#x43A;&#x43B;&#x430;</subfield>
    <subfield code="x">&#x41F;&#x435;&#x440;&#x435;&#x440;&#x430;&#x431;&#x43E;&#x442;&#x43A;&#x430;</subfield>
    <subfield code="x">&#x41E;&#x440;&#x433;&#x430;&#x43D;&#x438;&#x437;&#x430;&#x446;&#x438;&#x44F; &#x442;&#x440;&#x443;&#x434;&#x430;</subfield>
    <subfield code="2">psbo</subfield>
  </datafield>
  <datafield tag="686" ind1=" " ind2=" ">
    <subfield code="a">&#x423;9(2)306.751.40-01&#x435;(2)&#x43B;0</subfield>
    <subfield code="2">rubbk</subfield>
  </datafield>
  <datafield tag="686" ind1=" " ind2=" ">
    <subfield code="a">&#x423;9(2)325.152.520-01&#x435;(2)&#x43B;0</subfield>
    <subfield code="2">rubbk</subfield>
  </datafield>
  <datafield tag="710" ind1="1" ind2="2">
    <subfield code="a">&#x423;&#x43A;&#x440;&#x430;&#x438;&#x43D;&#x441;&#x43A;&#x430;&#x44F; &#x440;&#x435;&#x441;&#x43F;. &#x43D;&#x430;&#x443;&#x447;.-&#x43F;&#x440;&#x430;&#x43A;&#x442;. &#x43A;&#x43E;&#x43D;&#x444;. &#x43F;&#x43E; &#x432;&#x43D;&#x435;&#x434;&#x440;&#x435;&#x43D;&#x438;&#x44E; &#x432; &#x43F;&#x440;&#x43E;&#x438;&#x437;&#x432;&#x43E;&#x434;&#x441;&#x442;&#x432;&#x43E; &#x43E;&#x43F;&#x44B;&#x442;&#x430; &#x442;&#x440;&#x443;&#x434;&#x43E;&#x432;&#x43E;&#x433;&#x43E; &#x441;&#x43E;&#x442;&#x440;&#x443;&#x434;&#x43D;&#x438;&#x447;&#x435;&#x441;&#x442;&#x432;&#x430; &#x441;&#x432;&#x435;&#x43A;&#x43B;&#x43E;&#x432;&#x43E;&#x434;&#x43E;&#x432; &#x438; &#x440;&#x430;&#x431;&#x43E;&#x442;&#x43D;&#x438;&#x43A;&#x43E;&#x432; &#x441;&#x430;&#x445;&#x430;&#x440;&#x43D;&#x43E;&#x433;&#x43E; &#x437;-&#x434;&#x430; &#x42F;&#x43C;&#x43F;&#x43E;&#x43B;&#x44C;&#x441;&#x43A;&#x43E;&#x433;&#x43E; &#x440;-&#x43D;&#x430; &#x412;&#x438;&#x43D;&#x43D;&#x438;&#x446;&#x43A;&#x43E;&#x439; &#x43E;&#x431;&#x43B;. &#x43F;&#x43E; &#x443;&#x432;&#x435;&#x43B;&#x438;&#x447;&#x435;&#x43D;&#x438;&#x44E; &#x43F;&#x440;&#x43E;&#x438;&#x437;&#x432;&#x43E;&#x434;&#x441;&#x442;&#x432;&#x430; &#x441;&#x430;&#x445;&#x430;&#x440;&#x43D;&#x43E;&#x439; &#x441;&#x432;&#x435;&#x43A;&#x43B;&#x44B; &#x438; &#x43E;&#x431;&#x435;&#x441;&#x43F;&#x435;&#x447;&#x435;&#x43D;&#x438;&#x44E; &#x43C;&#x430;&#x43A;&#x441;&#x438;&#x43C;&#x430;&#x43B;&#x44C;&#x43D;&#x43E;&#x433;&#x43E; &#x432;&#x44B;&#x445;&#x43E;&#x434;&#x430; &#x441;&#x430;&#x445;&#x430;&#x440;&#x430; &#x441; &#x43A;&#x430;&#x436;&#x434;&#x43E;&#x433;&#x43E; &#x433;&#x435;&#x43A;&#x442;&#x430;&#x440;&#x430; &#x441;&#x432;&#x435;&#x43A;&#x43B;&#x43E;&#x432;&#x438;&#x447;&#x43D;&#x43E;&#x433;&#x43E; &#x43F;&#x43E;&#x43B;&#x44F; (1979; &#x41A;&#x438;&#x435;&#x432;)</subfield>
  </datafield>
  <datafield tag="801" ind1=" " ind2="0">
    <subfield code="a">RU</subfield>
    <subfield code="b">NLR</subfield>
    <subfield code="g">psbo</subfield>
  </datafield>
  <datafield tag="801" ind1=" " ind2="1">
    <subfield code="a">RU</subfield>
    <subfield code="b">ELAR</subfield>
    <subfield code="2">rusmarc</subfield>
  </datafield>
  <datafield tag="852" ind1=" " ind2=" ">
    <subfield code="a">NLR</subfield>
    <subfield code="j">Desideratum</subfield>
  </datafield>
  <datafield tag="899" ind1=" " ind2=" ">
    <subfield code="a">RuMoRGB</subfield>
    <subfield code="j">B 80-37/1286</subfield>
  </datafield>
  <datafield tag="899" ind1=" " ind2=" ">
    <subfield code="a">RuMoRGB</subfield>
    <subfield code="j">B 80-37/1287</subfield>
  </datafield>
  <datafield tag="942" ind1=" " ind2=" ">
    <subfield code="c">BOOK</subfield>
  </datafield>
  <datafield tag="980" ind1=" " ind2=" ">
    <subfield code="a">NB</subfield>
  </datafield>
  <datafield tag="995" ind1=" " ind2=" ">
    <subfield code="5">2013-10-26</subfield>
    <subfield code="b">NLR01</subfield>
    <subfield code="c">NLR01</subfield>
    <subfield code="e">RF02</subfield>
    <subfield code="f">6438943-20</subfield>
    <subfield code="k">Desideratum</subfield>
    <subfield code="o">0</subfield>
    <subfield code="r">BOOK</subfield>
    <subfield code="s">DESIDERATUM_</subfield>
  </datafield>
</record>
